000 00425nam a2200181Ia 4500
001 11152
005 20260306161925.0
008 260306t2001||||xx |||||||||||||| ||spa||
041 _aESP
082 _a985.01
_bB22 T. 2
100 _aBanco de Crédito del Perú
_eAUT
245 0 _aLos dioses del antiguo Perú
260 _c2001
300 _a
_c31 cm.
650 _aGEN
654 _aCHU
942 _cLIB
_dJUS
_fJUS
_2ddc
_n
999 _c11152
_d11152